Les 22 titulaires de Barcelone 6-1 Paris Saint Germain. - Statistiques

Statistiques générales
  • Ce quiz a été pris 8 975 fois
  • Le résultat moyen est 16 sur 22
Statistiques - réponses
Hint Réponse % Correct
BU Lionel Messi
99%
AG Neymar
98%
BU Luis Suárez
97%
BU Edinson Cavani
94%
GK Marc-André ter Stegen
94%
MC Andrés Iniesta
89%
DC Gerard Piqué
89%
DC Marquinhos
83%
DC Thiago Silva
83%
GK Kevin Trapp
82%
MDC Sergio Busquets
82%
MC Marco Verratti
81%
MC Blaise Matuidi
70%
DG Layvin Kurzawa
68%
MC Ivan Rakitić
64%
DC Samuel Umtiti
58%
DD Thomas Meunier
58%
DC Javier Mascherano
56%
MG Julian Draxler
53%
MC Adrien Rabiot
50%
MD Lucas Moura
30%
AD Rafinha Alcântara
28%
Aucun quiz correspondant
Distribution des résultats
% des personnes avec chaque résultat
Percentile par nombre de réponses
Votre historique - résultats
Vous n’avez pas pris ce quiz